000 01575cam a22004335a 4500
001 12991893
003 OSt
005 20211006102519.0
008 021104s2002 onc b 001 0 eng
010 _a 2002728227
016 _a20029016983
020 _a1551114364
035 _a(OCoLC)ocm49602811
040 _aNLC
_bHU
_cNLC
_dDLC
042 _alccopycat
050 0 0 _aJC571
_b.O78 2002
055 0 1 _aJC571
055 3 _aJC571
_bO773 2002
055 0 0 _aJC571
_bO773 2002
082 0 4 _a323
100 1 _aOrend, Brian,
_d1971-
_910659
245 1 0 _aHuman rights :
_bconcept and context /
_cBrian Orend.
260 _aPeterborough, Ont. ;
_aOrchard Park, NY :
_bBroadview Press,
_cc2002.
300 _a272 p. ;
_c23 cm.
504 _aIncludes bibliographical references and index.
650 0 _aHuman rights.
_910660
650 0 _aHuman rights
_xHistory.
_910661
650 0 _aCivil rights.
_910662
650 0 _aCivil rights
_xHistory.
_910663
650 6 _aDroits de l'homme.
_910664
650 6 _aDroits de l'homme
_xHistoire.
_910665
650 6 _aDroits de l'homme (Droit international)
_910666
856 4 2 _3Contributor biographical information
_uhttp://www.loc.gov/catdir/enhancements/fy1201/2002728227-b.html
856 4 2 _3Publisher description
_uhttp://www.loc.gov/catdir/enhancements/fy1201/2002728227-d.html
856 4 1 _3Table of contents only
_uhttp://www.loc.gov/catdir/enhancements/fy1201/2002728227-t.html
906 _a7
_bcbc
_ccopycat
_d2
_encip
_f20
_gy-gencatlg
942 _2ddc
_cBOOKS
_n0
999 _c9890
_d9890